| 000 | 01293cam a22003497a 4500 | ||
|---|---|---|---|
| 003 | CHAP | ||
| 005 | 20220329142512.0 | ||
| 008 | 010807d1974 es rd 00010 spa | ||
| 010 | _a84394 | ||
| 011 | _a85366 | ||
| 035 | _a95899 | ||
| 040 | _cCHAP | ||
| 082 | 0 | 0 |
_a462 _bC6 |
| 100 | 0 | 0 |
_aCorominas, Joan. _928094 |
| 245 | 1 | 0 | _aDiccionario crítico etimológico de la lengua castellana |
| 260 |
_aMadrid : _bGredos, _c1974 |
||
| 300 | _a4 v. | ||
| 490 | 0 |
_aBliblioteca Románica Hispánica ; _vV. Diccionarios, 1 |
|
| 590 |
_aBATCH-UPD _b10 _c20130110 _lUCH01 _h0802 |
||
| 590 |
_aBATCH-UPD _b10 _c20130410 _lUCH01 _h0440 |
||
| 590 |
_aBATCH-UPD _b10 _c20130914 _lUCH01 _h1049 |
||
| 590 |
_aCONVERSION _b10 _c20130109 _lUCH01 _h1347 |
||
| 650 | 1 | 4 |
_aEspañol _xEtimología. _937736 |
| 830 | 0 | 0 |
_aBliblioteca Románica Hispánica ; _vV. Diccionarios, 1 _913164 |
| 901 | _aBK | ||
| 905 | _aMayto Villalobos S. | ||
| 942 | _cLIBRO | ||
| 949 |
_a462 C6 _bBC _cC _d33724000837803 _eC _fv.4 _gDonaciØn CONASUPO _h100845 _i95899 _sb |
||
| 949 |
_a462 C6 _bBC _cC _d33724000837894 _eC _fv.1 _gDonaciØn CONASUPO _h100842 _i95899 _sb |
||
| 949 |
_a462 C6 _bBC _cC _d33724000837944 _eC _fv.2 _gDonaciØn CONASUPO _h100843 _i95899 _sb |
||
| 949 |
_a462 C6 _bBC _cC _d33724000837993 _eC _fv.3 _gDonaciØn CONASUPO _h100844 _i95899 _sb |
||
| 999 |
_c84394 _d84394 |
||